| 000 | 006310000a22001930004500 | ||
|---|---|---|---|
| 090 |
_aAS _bSERIADAS |
||
| 245 | 1 | 0 |
_aSolaropsis beck _snew anatomical data and its systematic position within the Helicoidea (Pulmonata: Stylommatophora) |
| 041 | 0 | _aInglés | |
| 650 | 1 | 4 |
_aInvertebrados _994159 |
| 650 | 1 | 4 |
_aCaracoles _995405 |
| 650 | 1 | 4 |
_aAnatomía _995070 |
| 650 | 1 | 4 |
_aSistemática animal _992968 |
| 650 | 1 | 4 |
_aMorfología animal _99953 |
| 651 | 4 |
_pAmérica del Sur _992749 |
|
| 653 | _gSolaropsis | ||
| 100 | 1 |
_aCuezzo, María Gabriela _9100285 |
|
| 942 | _cARTICULO | ||
| 773 | 1 |
_tPapeís Avulsos de Zoologia _h3 _q31-46 _d2002 _g42 |
|
| 999 |
_c16077 _d16077 |
||